000 02344nem0a2200481 4500
001 RU\NLR\BIBL_A\012590294
005 20230829122252.0
035 _a(NLR Aleph) 012590294
090 _a12549993
_c12549993
100 _a20210902d1797 m y0rusy50 ca
101 0 _ager
102 _aRU
120 _abyy xx||
123 1 _aа
_b6300000
135 _acrcn 024anaba
200 1 _aKarte vom Europäischen Antheil des Russischen Reichs. 1796
_bКарты
_ggest. von J. C. Mayr
206 _a[ок. 1:6 300 000, 150 вёрст в 1 дюйме (63 км в 1 см), граф м-б в вёрстах, в геогр. милях]
210 _a[Riga
_d1797]
215 _a1 к
_cграв., раскраш. границы
_d48х38 (61х46) см
300 _aНад рамкой: Zu Storchs Gemälde von Russland
300 _aИз изд.: Historisch-statistisches Gemälde des Russischen Reichs am Ende des achtzehnten Jahrhunderts / von Heinrich Storch. - Riga : Johann Friedrich Hartknoch, 1797
325 _aКопия доступна в Электрон. б-ке РНБ
330 _aКарта России от Баренцева моря до Чёрного и Каспийского морей
509 0 1 _aРоссия. Европейская часть
_3RU\NLR\auth_crt\55200
607 _aРоссия
_yЕвропейская часть
_jКарты
_2nlr_sh1
_2nlr_sh2
_3RU\NLR\AUTH\661315754
608 _aПолитико-административные карты
_2nlr_sh1
_2nlr_sh2
_3RU\NLR\AUTH\66966105
702 1 _aMayr
_bJ. Ch.
_f1764–1812
_gJohann Christoph
_4350
852 _aNLR
_bК
_j1-РоссЕ 2/47
_m48511
856 0 _uhttps://vivaldi.nlr.ru/cm000011058/view
856 1 _uhttps://vivaldi.nlr.ru/cm000011058/cover
856 2 _uhttps://vivaldi.nlr.ru/cm000011058/text
942 _cMAP
980 3 _akpmap
980 3 _akp2023
980 3 _akp
980 _aCRT_CCRP18
980 _aNB
981 2 0 _a(20) Книжные памятники РНБ
981 1 9 _a(19) Картографические материалы